World Capitals Quiz - One Hour Timer - Statistics

General Stats
  • This quiz has been taken 1,652 times
  • The average score is 100 of 196
Answer Stats
Country Capital City % Correct
France Paris
86%
United Kingdom London
83%
Germany Berlin
82%
Spain Madrid
82%
Italy Rome
82%
United States Washington D.C.
82%
China Beijing
81%
Japan Tokyo
81%
Russia Moscow
80%
Vatican City Vatican City
80%
Greece Athens
79%
Belgium Brussels
79%
Ireland Dublin
79%
Portugal Lisbon
79%
Mexico Mexico City
79%
Austria Vienna
79%
Ukraine Kiev
78%
India New Delhi
78%
Netherlands Amsterdam
77%
Monaco Monaco
77%
Norway Oslo
77%
Poland Warsaw
77%
Brazil Brasília
76%
Denmark Copenhagen
76%
Canada Ottawa
76%
Finland Helsinki
75%
Czech Republic Prague
75%
San Marino San Marino
75%
Sweden Stockholm
75%
Switzerland Bern
74%
Luxembourg Luxembourg
74%
South Korea Seoul
74%
Bulgaria Sofia
74%
Hungary Budapest
72%
Egypt Cairo
72%
Turkey Ankara
71%
Thailand Bangkok
71%
Australia Canberra
71%
Indonesia Jakarta
71%
Singapore Singapore
71%
Israel Jerusalem
70%
Iceland Reykjavík
70%
Romania Bucharest
69%
Belarus Minsk
69%
Argentina Buenos Aires
68%
South Africa Pretoria / Cape Town / Bloemfontein
68%
Iran Tehran
68%
United Arab Emirates Abu Dhabi
67%
Cuba Havana
67%
Afghanistan Kabul
67%
North Korea Pyongyang
67%
Croatia Zagreb
67%
Iraq Baghdad
66%
Panama Panama City
66%
Albania Tirana
65%
Algeria Algiers
64%
Andorra Andorra la Vella
64%
Kuwait Kuwait City
64%
Chile Santiago
64%
Jamaica Kingston
63%
Saint Vincent and the Grenadines Kingstown
63%
Peru Lima
63%
Latvia Riga
63%
New Zealand Wellington
63%
Pakistan Islamabad
62%
Philippines Manila
61%
Bosnia and Herzegovina Sarajevo
61%
Estonia Tallinn
61%
Azerbaijan Baku
60%
Serbia Belgrade
60%
Qatar Doha
60%
Tunisia Tunis
60%
Colombia Bogotá
59%
Syria Damascus
59%
Guatemala Guatemala City
59%
Bangladesh Dhaka
58%
Vietnam Hanoi
58%
Malaysia Kuala Lumpur
58%
Saudi Arabia Riyadh
57%
Taiwan Taipei
57%
Lebanon Beirut
56%
Venezuela Caracas
56%
Kenya Nairobi
56%
Malta Valletta
55%
Lithuania Vilnius
55%
Slovakia Bratislava
54%
Djibouti Djibouti
54%
Jordan Amman
53%
Bolivia La Paz / Sucre
53%
Cyprus Nicosia
53%
Kosovo Pristina
53%
El Salvador San Salvador
52%
Liechtenstein Vaduz
52%
Nepal Kathmandu
51%
Uruguay Montevideo
51%
Haiti Port-au-Prince
51%
North Macedonia Skopje
51%
Kazakhstan Nur-Sultan
50%
Ecuador Quito
50%
Mongolia Ulaanbaatar
50%
Guyana Georgetown
49%
Slovenia Ljubljana
49%
Georgia Tbilisi
49%
Armenia Yerevan
49%
Morocco Rabat
48%
Libya Tripoli
48%
Maldives Malé
47%
Bahamas Nassau
47%
Yemen Sana'a
47%
São Tomé and Príncipe São Tomé
47%
Guinea-Bissau Bissau
46%
Sierra Leone Freetown
46%
Costa Rica San José
46%
Ethiopia Addis Ababa
45%
Moldova Chișinău
45%
Senegal Dakar
45%
East Timor Dili
45%
Oman Muscat
45%
Cambodia Phnom Penh
45%
Trinidad and Tobago Port-of-Spain
45%
Montenegro Podgorica
44%
Angola Luanda
43%
Ghana Accra
42%
Paraguay Asunción
42%
Dominican Republic Santo Domingo
42%
Bahrain Manama
41%
Antigua and Barbuda Saint John's
40%
Nicaragua Managua
39%
Somalia Mogadishu
39%
Seychelles Victoria
39%
Laos Vientiane
39%
Nigeria Abuja
38%
Kyrgyzstan Bishkek
38%
Zimbabwe Harare
38%
Grenada Saint George's
38%
Bhutan Thimphu
38%
Republic of the Congo Brazzaville
37%
Barbados Bridgetown
37%
Democratic Republic of the Congo Kinshasa
37%
Suriname Paramaribo
37%
Uzbekistan Tashkent
37%
Uganda Kampala
36%
Fiji Suva
36%
Brunei Bandar Seri Begawan
35%
Belize Belmopan
35%
Papua New Guinea Port Moresby
35%
Sudan Khartoum
34%
Namibia Windhoek
34%
Madagascar Antananarivo
33%
Turkmenistan Ashgabat
33%
Honduras Tegucigalpa
33%
South Sudan Juba
32%
Gabon Libreville
32%
Dominica Roseau
32%
Sri Lanka Sri Jayawardenepura Kotte
32%
Eritrea Asmara
31%
Saint Lucia Castries
31%
Botswana Gaborone
31%
Zambia Lusaka
31%
Liberia Monrovia
31%
Samoa Apia
30%
Guinea Conakry
30%
Tajikistan Dushanbe
30%
Rwanda Kigali
30%
Togo Lomé
30%
Chad N'Djamena
30%
Burkina Faso Ouagadougou
30%
Benin Porto-Novo / Cotonou
30%
Tanzania Dodoma
29%
Mozambique Maputo
29%
Myanmar Naypyidaw
29%
Mauritius Port Louis
29%
Cape Verde Praia
29%
Cameroon Yaoundé
29%
Gambia Banjul
28%
Saint Kitts and Nevis Basseterre
28%
Vanuatu Port Vila
28%
Niger Niamey
27%
Mali Bamako
26%
Malawi Lilongwe
26%
Tuvalu Funafuti
25%
Ivory Coast Yamoussoukro
25%
Central African Republic Bangui
24%
Marshall Islands Majuro
24%
Equatorial Guinea Malabo
24%
Eswatini Mbabane
24%
Kiribati South Tarawa
24%
Burundi Gitega
23%
Solomon Islands Honiara
23%
Comoros Moroni
23%
Tonga Nukuʻalofa
23%
Nauru Yaren
23%
Lesotho Maseru
22%
Palau Ngerulmud
21%
Mauritania Nouakchott
21%
Federated States of Micronesia Palikir
21%
No matching quizzes found
Score Distribution
Percent of People with Each Score
Percentile by Number Answered
Your Score History
You have not taken this quiz